000 00676nam a2200217Ia 4500
001 15373
003 GE_BSU
008 181216s||||||||xx |||||||||||||| ||und||
040 _cGE_BSU
080 _a821.353.1-1
100 _aქუჩიშვილი,გიორგი
245 _aლექსები
245 _cპ/მგ რედ. კ.ჭანტურიშვილი
260 _aთბილისი
260 _bსახელგამი
260 _c1938
300 _a280გვ.18სმ.
300 _eდანართი:დეკაბრისტები და პუშკინი
653 _aლექსები
942 _cBK
999 _c48479
_d48479